Entrepreneurship and the Financial Community: Starting Up and Growing New Business. (Record no. 1863)

MARC details
005 - DATE AND TIME OF LATEST TRANSACTION
control field 20250501073547.0
020 ## - INTERNATIONAL STANDARD BOOK NUMBER
International Standard Book Number 978 1 84542 647 7
082 ## - DEWEY DECIMAL CLASSIFICATION NUMBER
Classification number 658.152 ENT
245 ## - TITLE STATEMENT
Title Entrepreneurship and the Financial Community: Starting Up and Growing New Business.
250 ## - EDITION STATEMENT
Edition statement 5th Ed.
260 ## - PUBLICATION, DISTRIBUTION, ETC.
Place of publication, distribution, etc. Cheltenham,
Name of publisher, distributor, etc. Edward Elgal publishing Limited,
Date of publication, distribution, etc. 2007.
300 ## - PHYSICAL DESCRIPTION
Extent xvi, 200p.: Ill.;figures & table
Other physical details Index
Dimensions 23cm.
700 ## - ADDED ENTRY--PERSONAL NAME
Other authors/Editors CLARYSSE, B.
942 ## - ADDED ENTRY ELEMENTS (KOHA)
Source of classification or shelving scheme Dewey Decimal Classification
Koha item type Books
Holdings
Date last seen Total checkouts Full call number Barcode Cost, replacement price Price effective from Koha item type Lost status Source of classification or shelving scheme Damaged status Not for loan Withdrawn status Home library Current library Shelving location Date acquired Cost, normal purchase price
05/01/2025   658.152 ENT 0000007224 150000.00 05/01/2025 Books   Dewey Decimal Classification       College of Business Education Main Library College of Business Education Main Library General Collection 08/07/2016 50000.00
05/01/2025   658.152 ENT 0000007225 150000.00 05/01/2025 Books   Dewey Decimal Classification       College of Business Education Main Library College of Business Education Main Library General Collection 08/07/2016 50000.00
05/01/2025   658.152 ENT 0000007226 150000.00 05/01/2025 Books   Dewey Decimal Classification       College of Business Education Main Library College of Business Education Main Library General Collection 08/07/2016 50000.00